000 01054cam a22003137a 4500
003 CHAP
005 20220817040850.0
008 971013s1986 r 00010 d
010 _a1734
011 _a2706
035 _a1902
040 _cCHAP
082 _a631.847
_bH3
100 0 0 _aHauck, Roland Daniel.
_953085
245 0 _aField measurement of dinitrogen fixation and dinitrification
260 _aMadison, Wis. :
_bSoil Science Society of America,
_c1986
300 _a115 p.
_b: gráfs.
490 0 _aSSSA Special publication
_v; 18
590 _aBATCH-UPD
_b10
_c20130110
_lUCH01
_h2118
590 _aBATCH-UPD
_b10
_c20130410
_lUCH01
_h1428
590 _aBATCH-UPD
_b10
_c20130914
_lUCH01
_h1142
590 _aCONVERSION
_b10
_c20130109
_lUCH01
_h1302
650 1 4 _aDenitrificación.
_931797
830 0 _aSSSA Special publication
_v; 18
901 _aBK
942 _cLIBRO
949 _a631.847 H3
_bBC
_cLIBRO
_d33724000172813
_eLIBRO
_h79288
_i1902
_si
_t85.12
949 _a631.847 H3
_bBC
_cLIBRO
_d33724000172821
_eLIBRO
_fc.2
_h81620
_i1902
_si
_t85.12
999 _c1734
_d1734